00347 a2200109 4500001001000000005001700010008004100027245006600068100002300134773006300157999001700220ART_1129920260410161856.0260409a 10aLa crisis energética internacional y la política nacional1 aVisintini, Alfredo0 tRevista de Economíag- Nº 29 (ene./sep. 1981)wREV11077 c25442d25442